00304nam a2200109Ia 4500008004100000082000800041100001100049245001800060942000600078952009500084999001500179240331s9999 xx 000 0 und d bMAT aVarsha 0aMatra maranam cL 001040708LaWERCLbWERCLcSSCd2024-03-31l0o 800 MATp3286r2024-03-31w2024-03-31yL c3697d3697